000 00923nam a2200289 i 4500
001 47448
003 ES-MaACL
005 20250728115738.0
007 t|
008 030428s2002 sp ||||0| spa j
020 _a84-8164-551-6
040 _aM-BN
_bspa
_cM-BN
080 _a330.342.14
100 1 _aGill, Louis.
_956946
245 1 0 _aFundamentos y límites del capitalismo /
_cLouis Gill ; traducción de Xabier Arrizabalo Montoro.
260 _aMadrid :
_bTrotta,
_c[2002]
300 _a775 p. ;
_c24 cm.
490 1 _aColección Estructuras y procesos. Serie Economía
504 _aBibliografía: p. 737-754. Indices.
650 1 4 _aCapitalismo.
_910760
700 1 _aArrizabalo Montoro, Xabier.
_923334
830 0 0 _aEstructuras y procesos.
_pEconomía
_9180443
852 _aES-MaACL
_jL-26255
_bR.132039
852 _aES-MaACL
_jL-26791
_bR.132435
999 _c47448
_d47448